Zmeny v ZDP a 13. a 14. plat

Novela zákonníka práce, zákon č. 63/2018 Z. z., ktorého súčasťou sú novo zavedené peňažné plnenia, ktoré môže zamestnávateľ poskytnúť za prácu pri príležitosti obdobia letných dovoleniek (tzv. 13. mzda) a za prácu pri príležitosti vianočných sviatkov (tzv. 14. mzda). Úprava v zákonníku práce, zákone...

ver descrição completa

Na minha lista:
Detalhes bibliográficos
Autor principal: Valterová, Ivana
Formato: Capítulo de Livro
Idioma:eslovaco
Assuntos:
Tags: Adicionar Tag
Sem tags, seja o primeiro a adicionar uma tag!

MARC

LEADER 00000naa a2200000 4500
001 0247096
005 20180823082952.2
041 0 |a slo 
044 |a SK 
245 1 0 |a Zmeny v ZDP a 13. a 14. plat  |c Ivana Valterová 
520 |a Novela zákonníka práce, zákon č. 63/2018 Z. z., ktorého súčasťou sú novo zavedené peňažné plnenia, ktoré môže zamestnávateľ poskytnúť za prácu pri príležitosti obdobia letných dovoleniek (tzv. 13. mzda) a za prácu pri príležitosti vianočných sviatkov (tzv. 14. mzda). Úprava v zákonníku práce, zákone o štátnej a verejnej službe. Úprava v zákone o dani z príjmov. Úprava v poistných zákonoch. 
610 2 0 |a mzdy 
610 2 0 |a platy 
610 2 0 |a legislatíva 
610 2 0 |a dane z príjmov 
610 2 0 |a oslobodenie od daní 
610 2 0 |a zákonník práce 
610 2 0 |a poistenie sociálne 
610 2 0 |a zamestnávatelia 
610 2 0 |a zamestnanci 
100 1 |a Valterová, Ivana